Il sogno di una cosa /

সংরক্ষণ করুন:
গ্রন্থ-পঞ্জীর বিবরন
প্রধান লেখক: Pasolini, Pier Paolo (লেখক)
অন্যান্য লেখক: Albinati, Edoardo (ভূমিকা রচয়িতা, ইত্যাদি)
বিন্যাস: গ্রন্থ
ভাষা:ইতালিয়
প্রকাশিত: Milano : Garzanti, 2015
সংস্করন:Nuova ed
ট্যাগগুলো: ট্যাগ যুক্ত করুন
কোনো ট্যাগ নেই, প্রথমজন হিসাবে ট্যাগ করুন!

MARC

LEADER 00000nam a22000007i 4500
001 IT\ICCU\RMS\2703479
003 ItRI
005 20250418234825.0
008 150722s2015 it |||||| ||||| |||||c
020 |a 9788811688921 
040 |b ita  |c Arcigay Queer VdA 
041 7 |a ita  |2 ISO-639-2 
082 |a 853.914  |2 23 
100 1 |a Pasolini, Pier Paolo  |0 IT\ICCU\CFIV\001068  |4 aut 
240 1 3 |a Il sogno di una cosa  |9 Pasolini, Pier Paolo 
245 1 3 |a Il sogno di una cosa /  |c Pier Paolo Pasolini ; prefazione di Edoardo Albinati. 
250 |a Nuova ed 
260 |a Milano :  |b Garzanti,  |c 2015 
300 |a XII, 209 p. ;  |c 21 cm 
500 |a In copertina: Romanzo 
700 1 |a Albinati, Edoardo  |0 IT\ICCU\CFIV\076622  |4 aui 
942 |2 ddc  |c BK 
952 |0 0  |1 0  |2 ddc  |4 0  |6 853_914000000000000_PAS_SOG  |7 1  |9 3874  |a AO  |b AO  |d 2025-04-18  |l 0  |o 853.914 PAS SOG  |p 11104  |r 2025-04-18 23:48:50  |w 2025-04-18  |x Di proprietà di Giulio Gasperini  |y BK 
981 1 |6 z01  |a i   |b xxxe  
982 1 |6 z01  |a n 
999 |c 3022  |d 3022